Statistics for Name that 90s Movie Quiz

Click here to take the quiz!

General Stats

  • This quiz has been taken 72 times
  • The average score is 9 of 12

Answer Stats

YearActor/ActressMovie% Correct
1999Keanu ReevesThe Matrix
94%
1994Tom HanksForrest Gump
94%
1993Jeff GoldblumJurassic Park
82%
1994John TravoltaPulp Fiction
81%
1994Morgan FreemanThe Shawshank Redemption
79%
1999Edward NortonFight Club
78%
1991Jodie FosterThe Silence of the Lambs
75%
1990Joe PesciGoodFellas
69%
1995Brad PittSe7en
66%
1998Jeff BridgesThe Big Lebowski
54%
1992Harvey KeitelReservoir Dogs
49%
1996Frances McDormandFargo
47%

Score Distribution

Percentile by Number Answered

Percent of People with Each Score

Your Score History

You have not taken this quiz